Les poissons les plus pêchés par les pays de l'UE - Statistiques

Statistiques générales
  • Ce quiz a été pris 105 fois
  • Le résultat moyen est 3 sur 13
Statistiques - réponses
Question Réponse % Correct
Quel est le poisson le plus pêché par les Roumains ? le rapana veiné
55%
Quel est l'espèce marine la plus pêchée par les Bulgares ? l'escargot de mer
45%
Quel est l'espèce marine la plus pêchée par les Chypriotes ? le thon
45%
Quel est le poisson le plus pêché par les Tchèques, les Slovaques, les Hongrois et les Slovènes ? la carpe
30%
Quel est le poisson le plus pêché par les Français et les Espagnols ? le thon
30%
Quel est le poisson le plus pêché par les Danois ? la morue
25%
Quel est le poisson le plus pêché par les Suédois, les Finlandais, les Estoniens, les Néerlandais et les Allemands ? le hareng
25%
Quel est le poisson le plus pêché par les Croates ? la sardine
20%
Quel est le poisson le plus pêché par les Polonais et les Lettons ? le sprat
20%
Quel est le poisson le plus pêché par les Grecs et les Italiens ? l'anchois
15%
Quel est le poisson le plus pêché par les Irlandais ? le maquereau
15%
Quel est le poisson le plus pêché par les Belges ? la plie
10%
Quel est le poisson le plus pêché par les Portugais et les Lituaniens ? le chinchard
5%
Aucun quiz correspondant
Distribution des résultats
% des personnes avec chaque résultat
Percentile par nombre de réponses
Votre historique - résultats
Vous n’avez pas pris ce quiz